000 00317nam a22001337a 4500
008 170331b xxu||||| |||| 00| 0 eng d
020 _a9780443035609
041 _aeng
080 _a617
100 _a8
101 _aSHM
245 _aCONGENITAL MALFORMATIONS OF THE HAND AND FOREARM
_cGRAMCKO, D.B
942 _2udc
_cBK
999 _c9344
_d9344